| 000 | 00832nam a2200229 a 4500 | ||
|---|---|---|---|
| 008 | 120416s1993 ||||||||||||||||| || u | ||
| 020 | _a0397549822 | ||
| 050 | _aRT 81.5 Mun | ||
| 100 | _aMunro, Hazard Barbara | ||
| 245 | 1 | 0 | _aStatistical methods for health care research |
| 250 | _a2nd ed. | ||
| 260 |
_aPhiladelphia _bJ. B. Lippincott _c1993 |
||
| 300 | _axi, 403p. : ill | ||
| 350 | _a0.00 | ||
| 500 | _aBibliography | ||
| 650 | _aMEDICAL CARE--RESEARCH--STATISTICAL METHODS | ||
| 650 | _aHEALTH SERVICES RESEARCH--METHODS | ||
| 650 | _aNURSING--RESEARCH--STATISTICAL METHODS | ||
| 650 | _aSTATISTICS--HANDBOOKS, MANUALS, ETC | ||
| 700 | _aPage, Ellis Batten | ||
| 995 |
_D0.00 _FCBU-MAIN LIBRARY (Kitwe) _H1 _I23.50 _UAVAILABLE _ZAnnex Low-Usage Collection |
||
| 999 |
_c58296 _d58296 |
||